| 000 | 00503nam a22001817a 4500 | ||
|---|---|---|---|
| 999 |
_c165784 _d165784 |
||
| 005 | 20190701095708.0 | ||
| 010 | _aENG-125837 | ||
| 020 |
_a9788178245430 _c495.00 |
||
| 035 | _aEN-109369 | ||
| 037 | _bDBAD/PUB | ||
| 082 | _aN | ||
| 100 | _aRaghuvanshi, Neelesh | ||
| 245 |
_aThe girl with questioning eyes / _cby Neelesh Raghuvanshi |
||
| 260 |
_aRanikhet _bPermanent Black _c2019 |
||
| 270 |
_aHimalayana, Mall Road _bRanikhet _e263645 |
||
| 300 |
_a337p. _c22cm(pbk) |
||
| 942 |
_2ddc _cEN _hN _mRAG |
||